| 000 | 00664nam a22001577a 4500 | ||
|---|---|---|---|
| 999 |
_c5053 _d235557 |
||
| 080 | _a342.52 M 363 | ||
| 100 |
_4aut _aMartín, Santiago José |
||
| 245 | _aLa Institucionalización de la Oposición como Sujeto de Control Parlamentario | ||
| 300 | _a159 P. | ||
| 500 | _aDirector de tesis: Toricelli, Maximiliano | ||
| 502 | _aTesis (Doctoral)--Universidad Nacional de Mar del Plata. Facultad de Derecho. Departamento de Posgrado, (S/ F). | ||
| 504 | _aTiene Bibliografía: P. 150 a 159. | ||
| 650 |
_2IEDCYT _aderecho constitucional _acontrol parlamentario _apresidencialismo _aAlberdi _ademocracia _apartidos politicos |
||
| 945 |
_acd _d2019-09-05 |
||